Rockeagle Ltd v Alsop Wilkinson (Record no. 32494)

MARC details
000 -LEADER
fixed length control field 01548cab a2200241 4500
001 - CONTROL NUMBER
control field ABS45345
008 - FIXED-LENGTH DATA ELEMENTS--GENERAL INFORMATION
fixed length control field 090401t1991 xxu||||| |||| 00| 0 eng d
035 ## - SYSTEM CONTROL NUMBER
System control number (Sirsi) u52466
041 ## - LANGUAGE CODE
Language code of text/sound track or separate title eng
245 ## - TITLE STATEMENT
Title Rockeagle Ltd v Alsop Wilkinson
260 ## - PUBLICATION, DISTRIBUTION, ETC.
Date of publication, distribution, etc. 1991
350 ## - PRICE (NR) (BK AM CF MU VM SE) [OBSOLETE]
Price 0
490 ## - SERIES STATEMENT
Series statement Weekly Law Reports
Volume/sequential designation (1991) 3 WLR 573-578(6)
520 ## - SUMMARY, ETC.
Summary, etc. CA 3 July 1991. A firm of solicitors, AW, agreed to act as stakeholder for the deposit for the sale of certain land by clients. Before completion the clients, who owed AW substantial sums in outstanding fees, went into receivership; their interest in the sale being assigned to the plaintiff company, R. AW were instructed by R and the purchaser to transfer the deposit to a new stakeholder. AW refused and on completion paid over part of the deposit to R, retaining the balance on account of the outstanding fees. In proceedings brought by R to recover the balance the judge held that AW had no arguable defence to the claim and entered summary judgement for R. AW appealed but this was dismissed on the grounds that the terms of the tripartite contract between a stakeholder, a vendor and a purchaser required the stakeholder to hold the deposit on behalf of both parties pending completion and therefore to pay it to the party entitled to receive it.
650 ## - SUBJECT ADDED ENTRY--TOPICAL TERM
Topical term or geographic name entry element DEPOSIT
650 ## - SUBJECT ADDED ENTRY--TOPICAL TERM
Topical term or geographic name entry element FEES
650 ## - SUBJECT ADDED ENTRY--TOPICAL TERM
Topical term or geographic name entry element SOLICITORS
650 ## - SUBJECT ADDED ENTRY--TOPICAL TERM
Topical term or geographic name entry element STAKEHOLDER
650 ## - SUBJECT ADDED ENTRY--TOPICAL TERM
Topical term or geographic name entry element VENDOR AND PURCHASER
690 ## - LOCAL SUBJECT ADDED ENTRY--TOPICAL TERM (OCLC, RLIN)
Topical term or geographic name as entry element MANAGEMENT-BUSINESS MANAGEMENT-PROFESSIONAL PRACTICE
942 ## - ADDED ENTRY ELEMENTS (KOHA)
Suppress in OPAC 0
948 ## - LOCAL PROCESSING INFORMATION (OCLC); SERIES PART DESIGNATOR (RLIN)
c (OCLC) 04/03/1997
Holdings
Withdrawn status Lost status Source of classification or shelving scheme Damaged status Not for loan Home library Current library Shelving location Date acquired Total Checkouts Full call number Barcode Date last seen Copy number Price effective from Koha item type
    Dewey Decimal Classification     London London Journal article 14/09/1999   ABS45345 52466-1001 06/08/2019 1 06/08/2019 Law report